00918nam a22002417a 450000100100000000500170001000800410002701000130006802000150008103500190009604000290011508200200014410000400016424501450020426000320034930000270038165000500040865000370045891000340049504900090052995201230053899900150066100000889220200929161432.0830718s1982 pr 001 j spa  a83173996 a8449984920 a(DLC) 83173996 aDO-SdBNPbspacLCdBNPHU aPR863.08bR621g1 aRivera Lizardi, Francisco M.92344913aLa guardarraya :bsiete cuentos a la belleza de la mujer negra puertorriqueña y tres cuentos fantásticos /cFrancisco M. Rivera Lizardi. aRio Piedras :bEdil,c1982. a103 p. : ill. ; 21 cm. 4aCuentos puertorriqueñosxColecciones923450 4aLiteratura puertorriqueña9250 aCatalogación por copia / LC aBNGR 001052708MOaGRbGRcCTd2009-09-19iLF1l0oPR863.08 R621gp8892-10r2020-06-25w2020-06-25y2ZPréstamo interno c8661d8661